| 000 | 00520nam a22001697a 4500 | ||
|---|---|---|---|
| 005 | 20230331151834.0 | ||
| 008 | 230331b |||||||| |||| 00| 0 eng d | ||
| 020 | _a978-0387-24144-9 | ||
| 041 | _aeng | ||
| 082 | _a579.3 BRE-B | ||
| 100 |
_aBRENNER, DON J.,KRIEG, NDEL R. , AND STALEY, JAMES T. _97577 |
||
| 245 | _aBERGEY'S MANUAL OF SYSTEMATIC BACTERIOLOGY VOL-2 THE PROTEOBACTERIA PART-B THE GAMMAPROTEOBACTERIA | ||
| 260 | _bSPRINGER | ||
| 300 | _a1106;P. | ||
| 650 |
_aPHARMACY _xB. PHARMA _97578 |
||
| 942 | _cBK | ||
| 999 |
_c8259 _d8257 |
||